| 000 | 01056cab a2200277 4500 | ||
|---|---|---|---|
| 001 | ABS57433 | ||
| 008 | 090401t1997 xxu||||| |||| 00| 0 eng d | ||
| 035 | _a(Sirsi) u80197 | ||
| 041 | _aeng | ||
| 100 | _aFeilden, R | ||
| 245 | _aStrip fees | ||
| 260 | _c1997 | ||
| 350 | _a0 | ||
| 490 |
_aRIBA Journal _v104(8) August 1997, 37-41(5) |
||
| 520 | _aThe Association of University Directors of Estates has suggested that the Higher Education Design Quality Forum concentrate on refurbishment of university buildings. £60m a year has been made available for the next three years by the Higher Education Funding Council for work of this sort. | ||
| 650 | _aASSOCIATION OF UNIVERSITY DIRECTORS OF ESTATES | ||
| 650 | _aFUNDING | ||
| 650 | _aHALLS OF RESIDENCE | ||
| 650 | _aHIGHER EDUCATION DESIGN QUALITY FORUM | ||
| 650 | _aHIGHER EDUCATION FUNDING COUNCIL | ||
| 650 | _aBUILT ENVIRONMENT-BUILDING MAINTENANCE AND REFURBISHMENT | ||
| 650 | _aUNIVERSITY BUILDINGS | ||
| 690 |
_aRefurbishment _96264 |
||
| 942 | _n0 | ||
| 948 | _c11/08/1997 | ||
| 999 |
_c50472 _d50472 |
||